00386nam a2200145Ia 4500008004100000020001800041041000800059082001600067100001600083245006100099250000600160260003900166300001200205650002300217210716s2019 xx 000 0 und d a9789352808205 aeng a374.22 TITR aTitus, Ray. aHow a 24x7 digital marketplace is transforming business. a1 aNew DelhibSage Publicationsc2019 axiv,179 aGeneral Management